Grow rich! with peace of mind (Record no. 341133)

MARC details
000 -LEADER
fixed length control field 004480000a22001930004500
005 - DATE AND TIME OF LATEST TRANSACTION
control field 20120302052815.0
040 ## - CATALOGING SOURCE
Original cataloging agency ENG
100 ## - MAIN ENTRY--PERSONAL NAME
Personal name Hill, Napolean
245 ## - TITLE STATEMENT
Title Grow rich! with peace of mind
260 ## - PUBLICATION, DISTRIBUTION, ETC. (IMPRINT)
Place of publication, distribution, etc -:
Name of publisher, distributor, etc Napoloon Hill,
Date of publication, distribution, etc 1967
300 ## - PHYSICAL DESCRIPTION
Extent viii,221p
365 ## - TRADE PRICE
Price amount Rs.
650 ## - SUBJECT ADDED ENTRY--TOPICAL TERM
Topical term or geographic name as entry element History
650 ## - SUBJECT ADDED ENTRY--TOPICAL TERM
Topical term or geographic name as entry element History-Civilization
650 ## - SUBJECT ADDED ENTRY--TOPICAL TERM
Topical term or geographic name as entry element Basic Mental Attitude
650 ## - SUBJECT ADDED ENTRY--TOPICAL TERM
Topical term or geographic name as entry element Master Money
650 ## - SUBJECT ADDED ENTRY--TOPICAL TERM
Topical term or geographic name as entry element Health Eqo
942 ## - ADDED ENTRY ELEMENTS (KOHA)
Koha item type Book
Holdings
Withdrawn status Lost status Damaged status Not for loan Home library Current library Date acquired Total Checkouts Barcode Date last seen Price effective from
        Institute For Oriental Study, Thane Institute For Oriental Study, Thane 12/02/2009   IOS-6792 12/02/2009 12/02/2009